LEADER 01641nam0 22003373i 450 001 BVEE058592 005 20170908093230.0 012 $ar.g. e-n- asa- "s"t (3) 1760 (R)$2fei 100 $a20131025d1760 ||||0itac50 ba 101 | $aita 102 $ait 181 1$6z01$ai $bxxxe 182 1$6z01$an 200 1 $aIstruzione pratica sopra la fedele amministrazione del sagramento della penitenza a tenore della dottrina del rituale romano, composta da Monsignor Niccolo Terzago Vescovo di Narni Per utilita de' Confessori della sua Diocesi 205 $aQuinta edizione 210 $aIn Roma$cnella Stamperia di S. Michele a Ripa Grande, Per Ottavio Puccinelli$d1760 215 $a448 p.$d8o 300 $aFregio xilogr. sul front 300 $aSegn.: A-2E8 316 $a1 v. (Mutilo delle c. 2E3-8)$5IT-NA0206, F 42.C. 10 620 $aIT$dRoma$3LO1L002924 700 1$aTerzago$b, Nicolò$3MILV172263$4070$0617520 712 02$aPuccinelli, Ottavio$3TO0V263918$4650 791 02$aPuccinellius, Octavius$3CFIV316345$zPuccinelli, Ottavio 801 3$aIT$bIT-NA0079$c20131025 850 $aIT-NA0206 912 $aBVEE058592 950 0$aBiblioteca San Francesco$c1 v.$d FAF 42.C. 10$e FA 0000070945 M 1 v. (Mutilo delle c. 2E3-8)$fZ $h20131025$i20131025 977 $a FA 996 $aIstruzione pratica sopra la fedele amministrazione del sagramento della penitenza a tenore della dottrina del rituale romano, composta da Monsignor Niccolo Terzago Vescovo di Narni Per utilita de' Confessori della sua Diocesi$91482290 997 $aUNISANNIO